Biblioteka Instytutu Północnego w Olsztynie

Trzydziestolecie szkolnictwa polskiego na Ziemiach Zachodnich / (Rekord nr 27534)

Szczegóły MARC
000 -Nagłówek
fixed length control field 01702nam a2200469 i 4500
001 - Nr kontrolny bibl., która utworzyła rek.
control field xx005907559
003 - Siglum bibl., której nr kontr. jest w 001
control field NUKAT
005 - Data i czas ostatniej operacji
control field 20260411141252.0
008 - Elementy pola stałej długości
fixed length control field 260228s1959 pl |000 0 pol c
035 ## - Systemowy numer kontrolny
systemowy numer kontrolny (NUKAT)xx005907559
040 ## - Instytucja sporządzająca opis
Instytucja, która sporządziła opis WR 194/UL
język katalgowania-trzyzn. kod pol
zasady opisu rda
Instytucja, która sporządziła rekord WR 194/UL
045 2# - Okres czasu dla zawartości
czas między r. 9999 pne a nasz. czas. d1929
-- d1959
046 ## - Kod rodz. daty, data1, data2 (daty pne)
Begin/single date 1959
100 1# - Hasło główne-nazwa osobowa
Nazwa osobowa Boenigk, Jan
Daty biograficzne (1903-1982).
rodzaj współpracy Autor
9 (RLIN) 25316
245 10 - Tytuł właściwy i oznaczenie odpow.
tytuł Trzydziestolecie szkolnictwa polskiego na Ziemiach Zachodnich /
dod. inf. ze s. tyt./ozn. odpow. Jan Boenigk.
260 ## - Adres wydawniczy
miejsce wydania, dystrybucji itp. [Warszawa] :
nazwa wydawcy, dystrybutora itp. Towarzystwo Rozwoju Ziem Zachodnich. Sekretariat Rady Naczelnej,
data wydania, dystrybucji itp. 1959.
300 ## - Opis fizyczny
objętość i/lub forma materiału 34 karty ;
format 29 cm.
336 ## - Content Type
Term Tekst
Code txt
Source rdacontent
337 ## - Media Type
Term Bez urządzenia pośredniczącego
Code n
Source rdamedia
338 ## - Carrier Type
Term Wolumin
Code nc
Source rdacarrier
380 ## - Form of work
Form of work Książki
380 ## - Form of work
Form of work Literatura faktu, eseje, publicystyka
388 1# - TIME PERIOD OF CREATION
Time period of creation term 1901-2000
388 1# - TIME PERIOD OF CREATION
Time period of creation term 1945-1989
500 ## - Uwaga ogólna
uwaga ogólna Miejsce wydania na podstawie siedziby wydawcy. Data wydania według zapisu pod tekstem: Cenz. W-81 z dn. 4.V.1959 r.
500 ## - Uwaga ogólna
uwaga ogólna Zawiera tabele.
500 ## - Uwaga ogólna
uwaga ogólna Maszynopis powielany.
648 #7 - SUBJECT ADDED ENTRY--CHRONOLOGICAL TERM
Chronological term 1901-2000
Source of heading or term DBN
9 (RLIN) 34996
648 #7 - SUBJECT ADDED ENTRY--CHRONOLOGICAL TERM
Chronological term 1918-1939
Source of heading or term DBN
9 (RLIN) 36041
648 #7 - SUBJECT ADDED ENTRY--CHRONOLOGICAL TERM
Chronological term 1939-1945
Source of heading or term DBN
9 (RLIN) 36042
648 #7 - SUBJECT ADDED ENTRY--CHRONOLOGICAL TERM
Chronological term 1945-1989
Source of heading or term DBN
9 (RLIN) 36043
650 #7 - Hasło przedmiotowe-nazwa pospolita
nazwa pospolita lub geogr. Szkolnictwo
źródło hasła DBN
9 (RLIN) 35186
651 #7 - Hasło przedmiotowe-nazwa geogr.
nazwa geograficzna Polska
źródło hasła DBN
9 (RLIN) 35076
651 #7 - Hasło przedmiotowe-nazwa geogr.
nazwa geograficzna Ziemie Odzyskane
źródło hasła DBN
9 (RLIN) 38086
655 #7 - Termin określający rodzaj/formę
rodzaj/forma Opracowanie
źródło terminu DBN
9 (RLIN) 35024
658 ## - Nazwa określająca cel programu nauczania
główny cel programu nauczania Edukacja i pedagogika
658 ## - Nazwa określająca cel programu nauczania
główny cel programu nauczania Polityka, politologia, administracja publiczna
658 ## - Nazwa określająca cel programu nauczania
główny cel programu nauczania Socjologia i społeczeństwo
658 ## - Nazwa określająca cel programu nauczania
główny cel programu nauczania Historia
710 2# - Hasło dodatkowe - nazwa ciała zbior.
nazwa ciała zbior. lub nazwa geogr. Towarzystwo Rozwoju Ziem Zachodnich.
nazwa jednostki podrzędnej Rada Naczelna.
-- Prezydium.
-- Sekretariat.
rodzaj współpracy Wydawca
kod rodzaju współpracy pbl
9 (RLIN) 27609
942 ## - ADDED ENTRY ELEMENTS (KOHA)
Source of classification or shelving scheme Dewey Decimal Classification
Koha item type pozycje dostępne na miejscu
Egzemplarze
Status wycofania Status zagubienia Klasyfikacja Status uszkodzenia Blokada wypożyczeń Kolekcja Lokalizacja macierzysta Lokalizacja bieżąca Data nabycia Numer akcesji Źródło akcesji Nr inwentarzowy il. wypożyczeń Sygnatura Kod kreskowy Date last seen Price effective from Typ egz.
    Dewey Decimal Classification nieuszkodzona   Pracownia Badań Księgozbiorów Historycznych Biblioteka Instytutu Północnego w Olsztynie Pracownia Badań Księgozbiorów Historycznych 11/04/2026 D-1/1965 dar 15773   15773 IPWK22138 11/04/2026 11/04/2026 pozycje dostępne na miejscu
Biblioteka Instytutu Północnego, ul. Partyzantów 87, 10-402 Olsztyn, email: biblioteka(at)ip.olsztyn.pl